[Event "New Delhi op 20th"]
[Site "New Delhi"]
[Date "2023.03.23"]
[Round "1"]
[White "Vidhi, Angelina"]
[Black "Savchenko, Boris"]
[Result "0-1"]
[WhiteElo "1226"]
[BlackElo "2552"]
[PlyCount "61"]
[EventDate "2023.03.23"]
[EventType "swiss"]
[EventRounds "10"]
[EventCountry "IND"]
[SourceTitle "CBM 213 Extra"]
[Source "ChessBase"]
[SourceDate "2023.05.31"]
[SourceVersion "1"]
[SourceVersionDate "2023.05.31"]
[SourceQuality "1"]

1. Nf3 g6 2. d4 Nf6 3. c4 Bg7 4. Nc3 d5 5. cxd5 Nxd5 6. e4 Nxc3 7. bxc3 c5 8. Bb2 cxd4 9. Nxd4 Nd7 10. Bc4 Qc7 11. Qa4 0-0 12. Be2 Nc5 13. Qc2 b6 14. 0-0 Bb7 15. Bf3 Rac8 16. Rfe1 a6 17. Rac1 Rfd8 18. h3 e5 19. Bg4 exd4 20. Bxc8 d3 21. Qd2 Bxc8 22. Ba3 Be6 23. Bxc5 Qxc5 24. Red1 b5 25. Qe3 Qxe3 26. fxe3 Bxa2 27. Kf2 a5 28. Kf3 a4 29. Rd2 Bc4 30. g4 a3 31. h4 0-1